Plays for Malaysian schools : The club

Bibliographic Details
Main Author: Kumara Velu
Format: Book
Published: Selangor : Sama Publications , 2004
Series:Theatre-in-education
Subjects:

MARC

LEADER 00000cam a2200000 7i4500
001 0000004836
005 20151222.0
008 070731
020 |a 9679389081(set) 
020 |a 9679389154 
090 0 0 |a JF   |b NS ENG (6031) 
100 0 |a Kumara Velu 
245 1 4 |a Plays for Malaysian schools :   |b The club   |c Kumara Velu 
260 |a Selangor :   |b Sama Publications ,   |c 2004 
440 |a Theatre-in-education 
500 |a Children ages 7-9 years old (orange) 
650 0 |a Rhymes   |x Fiction 
999 |a 0000858445   |b Book   |c Children Collection   |e Cawangan Tmn. Ungku Tun Aminah 
999 |a 0000858447   |b Book   |c Children Collection   |e Cawangan Mersing 
999 |a 0000858448   |b Book   |c Children Collection   |e Cawangan Tmn. Ungku Tun Aminah 
999 |a 0000921682   |b Book   |c Children Collection   |e Cawangan Bukit Gambir 
999 |a 0000921683   |b Book   |c Children Collection   |e Cawangan Bukit Gambir 
999 |a 0000921684   |b Book   |c Children Collection   |e Cawangan Bukit Gambir 
999 |a 0000930569   |b Book   |c Children Collection   |e Cawangan Tangkak 
999 |a 0000930570   |b Book   |c Children Collection   |e Cawangan Tangkak 
999 |a 0000930571   |b Book   |c Children Collection   |e Cawangan Tangkak 
999 |a 0000930576   |b Book   |c Children Collection   |e Cawangan Tangkak 
999 |a 0000977042   |b Book   |c Children Collection   |e Cawangan Taman Universiti